000 01935cam a22005414i 4500
003 PE-LiUPU
005 20250731184540.0
008 190320s2018 gaua rb 001 0 eng d
020 _a1628372338
020 _a9781628372335
035 _a(Sirsi) a251984
040 _aPE-LiUPU
_bspa
_cPE-LiUPU
_erda
_dPE-LiUPU
_erda
049 _aPRUA
082 0 4 _a909.04924
_bA6
_223
245 0 0 _aArchaeology and history of eighth-century Judah /
_cedited by Zev I. Farber and Jacob L. Wright.
264 1 _aAtlanta :
_bSBL Press,
_c2018.
300 _axv, 593 páginas :
_bilustraciones ;
_c23 centímetros.
336 _atext
_2rdacontent
337 _aunmediated
_2rdamedia
338 _avolume
_2rdacarrier
490 0 _aAncient Near East monographs ;
_vnumber 23
504 _aBibliografía al final de cada capítulo.
504 _aÍndice: páginas 565-593.
505 0 _aJudah's neighbors near and far -- The land of Judah -- Ancient technology -- Religion and ritual -- Biblical and literary -- Appendix: Survey of scientific methods in archaeology.
526 _aP136
526 _aP135
526 _aP134
526 _aP133
526 _aP144
526 _aP143
526 _aP87
526 _aP35
526 _aP20
526 _aP14
526 _aP10
526 _aP06
651 4 _aJudea (Región)
_xAntigüedades.
651 4 _aJudea (Región)
_xHistoria.
650 1 4 _aExcavaciones (arqueología)
_xJudea (Región).
700 1 _aFarber, Zev I.,
_eeditor.
700 1 _aWright, Jacob L.,
_eeditor.
910 _adbm
_bsag
_csag
_d20190320
942 _2ddc
_cBOOK
994 _aC0
_bPEPRU
596 _a1
999 _a909.04924 A6
_wLC
_c31243
_i80080
_f2021-11-11
_g2
_lCCODEBUL1
_mBUL
_p60.00
_r0
_sY
_tBOOK
_u2019-3-20
_xTEOLOGIA
_PP35
_0COMPRA
_o.STAFF. Colección Teología
_d31243
980 _81
_gALBERTO SANCHEZ Responsable de Automatización